| Tag |
First Indicator |
Second Indicator |
Subfields |
| LEADER |
00000cam a2200000 a 4500 |
| 001 |
in00000016441 |
| 005 |
20151007052756.0 |
| 008 |
871104s1987 enk 00110 eng d |
| 010 |
|
|
|a gb 87032089
|
| 015 |
|
|
|a GB87-32089
|
| 020 |
|
|
|a 0713164271 (pbk) :
|c £4.95
|
| 035 |
|
|
|a (OCoLC)16467027
|
| 035 |
|
|
|9 AAA9131AM
|
| 040 |
|
|
|a UKM
|c UKM
|d TXA
|d UtOrBLW
|
| 049 |
|
|
|a TXAM
|c [A11071184]
|
| 050 |
|
4 |
|a PN45
|b .H38 1987
|
| 082 |
0 |
|
|a 801
|2 19
|
| 100 |
1 |
|
|a Hawthorn, Jeremy.
|
| 245 |
1 |
0 |
|a Unlocking the text :
|b fundamental issues in literary theory /
|c Jeremy Hawthorn.
|
| 264 |
|
1 |
|a London :
|b Edward Arnold,
|c 1987.
|
| 300 |
|
|
|a 138 pages ;
|c 22 cm.
|
| 336 |
|
|
|a text
|b txt
|2 rdacontent
|
| 337 |
|
|
|a unmediated
|b n
|2 rdamedia
|
| 338 |
|
|
|a volume
|b nc
|2 rdacarrier
|
| 500 |
|
|
|a Includes index.
|
| 504 |
|
|
|a Bibliography: pages 130-132.
|
| 650 |
|
0 |
|a Literature
|x Philosophy.
|
| 653 |
|
|
|a Literature
|a Theories
|
| 999 |
|
|
|a MARS
|
| 999 |
f |
f |
|s 52a4e246-ecec-3b6b-a085-a50391dc3e2a
|i 1a418f55-1e15-365a-889e-9dc7fcc7dd8d
|t 0
|
| 952 |
f |
f |
|p ric
|a Texas A&M University
|b Rellis Campus
|c Joint Library Facility
|d Remote Storage
|t 0
|e PN45 .H38 1987
|h Library of Congress classification
|i unmediated -- volume
|m A14811071184
|
| 998 |
f |
f |
|a PN45 .H38 1987
|t 0
|l Remote Storage
|